Personnalités dont le nom commence par la lettre C (par images) - Statistiques

Statistiques générales
  • Ce quiz a été pris 775 fois
    770 depuis la dernière actualisation
  • Le résultat moyen est 13 sur 20
Statistiques - réponses
Par images Réponse % Correct
Charlie Chaplin
99%
Jacques Chirac
97%
Coluche
94%
Georges Clooney
89%
Christian Clavier
86%
Alain Chabat
80%
Tom Cruise
80%
Mariah Carey
74%
Vincent Cassel
74%
Bill Clinton
66%
Éric Cantona
59%
Daniel Craig
57%
Kurt Cobain
55%
Ray Charles
53%
Francis Cabrel
52%
Jacques-Yves Cousteau
47%
Nicolas Cage
42%
Sean Connery
41%
James Cameron
21%
Leonard Cohen
6%
Aucun quiz correspondant
Distribution des résultats
% des personnes avec chaque résultat
Percentile par nombre de réponses
Votre historique - résultats
Vous n’avez pas pris ce quiz depuis la dernière actualisation